| 000 | 00690nac a22001931u 4500 | ||
|---|---|---|---|
| 010 | _a 91030455 | ||
| 020 | _a0878357521 (pbk.) | ||
| 082 | 0 | 0 |
_a005.446 _bLIN |
| 090 |
_c5934 _d5934 |
||
| 100 | _aLindenmeyer, Leonard. | ||
| 245 | 1 | 4 |
_aThe DOS operating system / _cLeonard Lindenmeyer. |
| 260 |
_aDanvers, Mass. : _bBoyd & Fraser,c.1992. _cc.1992. |
||
| 300 |
_axxi, 400, [22] p. : _bill. ; _c24 cm. |
||
| 500 | _aIncludes index. | ||
| 500 | _aDisributer : Al-Ahram. | ||
| 511 | _aCatalogued By : Mahitab. | ||
| 650 | 0 | _aOperating systems (Computers) | |
| 942 |
_cBB _k005.446LIN |
||
| 999 |
_c5934 _d5934 |
||